Quantum fields on a lattice

Αποθηκεύτηκε σε:
Λεπτομέρειες βιβλιογραφικής εγγραφής
Κύριος συγγραφέας: Montvay, I.
Άλλοι συγγραφείς: Munster, Gernot
Μορφή: Βιβλίο
Γλώσσα:English
Δημοσίευση: Cambridge ; New York : Cambridge University Press, c1994
Σειρά:Cambridge monographs on mathematical physics
Θέματα:
Ετικέτες: Προσθήκη ετικέτας
Δεν υπάρχουν, Καταχωρήστε ετικέτα πρώτοι!

MARC

LEADER 00000nam a2200000 i 4500
001 1/80833
008 990513s1994 eng d
020 |a 0-521-59917-2 
035 |l 10050738 
040 |a GR-MY-UA  |b gre  |e aacr 
041 0 |a eng 
082 0 |a 530.143 
100 1 |a Montvay, I. 
245 1 0 |a Quantum fields on a lattice /  |c Istvan Montvay, Gernot Munster 
260 |a Cambridge ; New York :   |b Cambridge University Press,   |c c1994 
300 |a xiii, 491 p.;  |b ill.;  |c 24 cm. 
490 1 |a Cambridge monographs on mathematical physics 
500 |a Includes bibliographical references and index 
650 0 0 |a Lattice field theory. 
650 0 0 |a Quantum field theory. 
650 0 0 |a Electroweak interactions. 
650 0 0 |a Gauge fields (Physics) 
700 1 |a Munster, Gernot. 
830 0 |a Cambridge monographs on mathematical physics 
852 |a INST  |b SAMOS  |e 19990513  |h 530.143 MON  |p 005300014715  |q 005300014715  |t BK  |y 0 
901 |a BIBL3-1999-2 
909 |a Σ  |b 064466 
922 |a 3ΕΛΗ  |b 199903  |c ΚΠΣ  |d GLORY